Guess the Taylor Swift Song (no hints) 28 - Statistics

General Stats
  • This quiz has been taken 207 times
  • The average score is 287 of 383
Answer Stats
Answer % Correct
"I
100%
I
100%
a
99%
the
98%
you,
98%
you
98%
You
98%
in
96%
me
95%
We
95%
we
95%
an
94%
And
94%
and
94%
it
94%
my
94%
on
94%
when
93%
your
93%
so
92%
were
92%
I'm
88%
then
88%
to
88%
is
86%
of
86%
go
84%
that
84%
That
84%
I'd
83%
if
82%
was
82%
how
81%
say
81%
as
79%
As
79%
could
79%
this
79%
Back
78%
back
78%
ever
78%
never
78%
But
76%
by
76%
than
76%
car
75%
time
75%
get
74%
Oh,
73%
baby,
72%
don't
72%
just
72%
something
72%
That's
72%
walk
72%
Walk
72%
again
71%
Cornelia
71%
Street"
71%
street
71%
Street
71%
knew
70%
bar
69%
us
69%
Drunk
67%
away
66%
backseat
66%
lose
66%
ends
65%
stronger
65%
drinks
64%
hope
64%
place
64%
casually
63%
name
63%
name)
63%
thought
63%
city
62%
(city
62%
kind
62%
home
61%
even
60%
screams
60%
terrified
59%
gone
58%
heartbreak
58%
Leading
58%
leading
58%
new
58%
rent
58%
mend
57%
yours
56%
hand
55%
Before
54%
before
54%
lights
54%
mystified
54%
left
53%
wanna
53%
yeah
53%
games
52%
playing
51%
apartment
49%
arrowhead
49%
page
49%
called,
48%
pointed
48%
blanks
47%
Filling
47%
fresh
46%
hold
46%
kitchen
46%
right
46%
card
44%
showed
44%
Barefoot
43%
hit
43%
religion,
43%
tunnel
43%
ago,
42%
around
42%
became
42%
beginnings
42%
floor
42%
inside
42%
packed
42%
'round
42%
Sacred
42%
sharks,
42%
shoulders
42%
Years
42%
bags,
41%
Jacket
41%
desk
40%
listen
40%
turned
40%
creaks
38%
Memorize
38%
open,
38%
air
37%
roof,
37%
Windows
37%
autumn
36%
Sat
35%
rains
32%
bless
30%
swung
15%
No matching quizzes found
Score Distribution
Percent of People with Each Score
Percentile by Number Answered
Your Score History
You have not taken this quiz